Itineraris : Caldes de Montbui : municipi Caldes de Montbui :
Descripción Física:
[8] p. : il. col., fot. ; 21 cm
MARC
| LEADER | 00000nam a2200000Ia 4500 | ||
|---|---|---|---|
| 001 | 18407 | ||
| 008 | 160829s9999 xx 000 0 cat d | ||
| 080 | |a FU-1-60 | ||
| 245 | |a Itineraris : |b Caldes de Montbui : |b municipi | ||
| 260 | |a [Barcelona] : |b Diputació de Barcelona, Servei d'Esports i Turisme, [19-- ?] | ||
| 300 | |a [8] p. : |b il. col., fot. ; |c 21 cm | ||
| 590 | |a A la portada: Ajuntament de Caldes de Montbui ; Turisme Total. | ||
| 590 | |a Inclou mapa de la zona | ||
| 650 | |a Caldes de Montbui |x Guies |9 38850 | ||
| 650 | |a Caldes de Montbui |x Circuits turístics |9 38851 | ||
| 710 | 1 | |a Caldes de Montbui (Catalunya). |b Ajuntament |9 53534 | |
| 710 | 2 | |a Barcelona (Catalunya : Província). |b Servei d'Esports i Turisme |9 54307 | |
| 901 | |a Arxiu | ||
| 942 | |n 1 | ||
| 952 | |0 0 |1 0 |4 0 |6 FU160 |7 1 |9 48649 |a Arxiu |b Arxiu |d 2016-12-01 |l 0 |o FU-1-60 |p 18407 |r 2016-12-01 00:00:00 |w 2016-12-01 |y ARXIU | ||
| 999 | |c 52479 |d 52479 | ||